Catalog

Record Details

Catalog Search



Glass : looking in, looking out / Larissa Theule, ... Read More

Theule, Larissa,(author.).
Tentler-Krylov, Victoria,(illustrator.).

Available copies

  • 2 of 2 copies available at LARL/NWRL Consortium.
  • 2 of 2 copies available at Lake Agassiz Regional Library. (Show preferred library)

Current holds

0 current holds with 2 total copies.

Show All Copies
Location Call Number / Copy Notes Barcode Shelving Location Status Due Date
Fosston Public Library J 620.144 THE (Text) 33500014343610 New Available -
Moorhead Public Library J 620.144 THE (Text) 33500014343602 New Available -

Record details

  • ISBN: 1536225835
  • ISBN: 9781536225839
  • Physical Description: 1 volume (unpaged) : color illustrations ; 29 cm
  • Edition: First edition.
  • Publisher: Somerville, MA : Candlewick Press, 2026.

Content descriptions

Bibliography, etc. Note:
Includes bibliographical references.
Summary, etc.:
"Meteoric collisions, volcanic eruptions, ... Read More
Subject: Earth sciences > Juvenile literature.
History > Juvenile literature.
Science > Juvenile literature.
Glass > History > Juvenile literature.
Technological innovations > Juvenile literature.
Glass > Juvenile literature.
World history > Juvenile literature.
Glass > History.
Earth sciences.
History.
Technological innovations.
Genre: Illustrated works.
LDR 03122cam a22006137i 4500
001479449
003LARL_NWRL_CONSORTIUM
00520260311173502.0
008250509s2026 maua b 000 0 eng d
040 . ‡aYDX ‡beng ‡erda ‡cYDX ‡dOCLCO ‡dBDX ‡dIG# ‡dOCLCQ ‡dNTG ‡dCCPLG ‡dOCLCO ‡dOQX ‡dVYG ‡dOCO ‡dOCLCO ‡dCHILD ‡dRB0 ‡dOCLCO
020 . ‡a1536225835 ‡q(hardcover)
020 . ‡a9781536225839 ‡q(hardcover)
035 . ‡a(OCoLC)1518768065
08204. ‡a620.144 ‡223
1001 . ‡aTheule, Larissa, ‡eauthor. ‡1https://id.oclc.org/worldcat/entity/E39PCjFkCm6MDpWx76g4H7JpWC
24510. ‡aGlass : ‡blooking in, looking out / ‡cLarissa Theule, illustrated by Victoria Tentler-Krylov
250 . ‡aFirst edition.
264 1. ‡aSomerville, MA : ‡bCandlewick Press, ‡c2026.
300 . ‡a1 volume (unpaged) : ‡bcolor illustrations ; ‡c29 cm
336 . ‡atext ‡btxt ‡2rdacontent
336 . ‡astill image ‡bsti ‡2rdacontent
337 . ‡aunmediated ‡bn ‡2rdamedia
338 . ‡avolume ‡bnc ‡2rdacarrier
520 . ‡a"Meteoric collisions, volcanic eruptions, lightning strikes. Three catastrophes, all capable of producing glass: the stuff we use to protect us from the elements, send images, store energy, help with everyday tasks, and make medical and scientific progress possible. With the help of human ingenuity, glass has evolved from its lumpy natural origins to a refined wonder that helps humankind see into the farthest reaches of outer space and the smallest particles of life on earth. Glass is all around us and is one of the most versatile - and sparkling - marvels of the material world, still changing the way we build, the way we think, the way we see!"
504 . ‡aIncludes bibliographical references.
650 0. ‡aEarth sciences ‡vJuvenile literature. ‡0(LARL_NWRL_CONSORTIUM)164700
650 0. ‡aHistory ‡vJuvenile literature.
650 0. ‡aScience ‡vJuvenile literature. ‡0(LARL_NWRL_CONSORTIUM)30371
650 0. ‡aGlass ‡xHistory ‡vJuvenile literature.
650 0. ‡aTechnological innovations ‡vJuvenile literature.
650 0. ‡aGlass ‡vJuvenile literature. ‡0(LARL_NWRL_CONSORTIUM)169120
650 0. ‡aWorld history ‡vJuvenile literature. ‡0(LARL_NWRL_CONSORTIUM)34871
650 1. ‡aGlass ‡xHistory.
650 1. ‡aEarth sciences. ‡0(LARL_NWRL_CONSORTIUM)18918
650 1. ‡aHistory. ‡0(LARL_NWRL_CONSORTIUM)22207
650 1. ‡aTechnological innovations. ‡0(LARL_NWRL_CONSORTIUM)32475
655 7. ‡aIllustrated works. ‡2lcgft
7001 . ‡aTentler-Krylov, Victoria, ‡eillustrator. ‡1https://id.oclc.org/worldcat/entity/E39PCjJ8Dd6mMhyqrMVMQWhtjC
936 . ‡aBATCHLOAD
901 . ‡a479449 ‡bOCoLC ‡c479449 ‡tbiblio ‡soclc

Additional Resources